| 000 | 00569nam a2200181Ia 4500 | ||
|---|---|---|---|
| 008 | 151018s9999 xx 000 0 und d | ||
| 082 |
_bRBASDV34476 _a891.463 |
||
| 100 | _aसंजय सोनवणी | ||
| 245 | _aविश्र्वनाथ | ||
| 250 | _b3 | ||
| 260 |
_bपुष्प प्रकाशन पुणे _c2001 |
||
| 300 | _a192 | ||
| 600 | _aसंजय सोनवणी | ||
| 630 | _aविश्र्वनाथ | ||
| 700 | _aसंजय सोनवणी | ||
| 730 | _aविश्र्वनाथ | ||
| 942 | _cBOOK | ||
| 999 |
_c1033966 _d1033963 |
||